| 000 | 00902nam a2200337 a 4500 | ||
|---|---|---|---|
| 003 | AR-BaBNM | ||
| 005 | 20251128203725.0 | ||
| 008 | 082120s2002 ||||||||||||||000 | spa|| | ||
| 040 | _cAR-BaBNM | ||
| 100 | 1 | _aClouard, Henri | |
| 245 | 0 | 0 |
_aHistoire de la littérature française _bdu symbolisme a nos jours : 1915 a 1940 _n2 |
| 260 |
_aParís _bEditions Albin Michel _c1949 |
||
| 300 | _a699 p. | ||
| 500 | _aContiene índice de nombres citados en p. 671 | ||
| 650 | 4 | _aLITERATURA FRANCESA | |
| 650 | 4 | _aCRITICA LITERARIA | |
| 650 | 4 | _aHISTORIA LITERARIA | |
| 650 | 4 | _aESCRITORES | |
| 650 | 4 | _aSIGLO VEINTE | |
| 650 | 4 | _aDADAISMO | |
| 650 | 4 | _aREALISMO | |
| 650 | 4 | _aSATIRA | |
| 650 | 4 | _aPERIODISMO | |
| 650 | 4 | _aHISTORIA DEL ARTE | |
| 653 | _aSURREALISMO | ||
| 653 | _aNOVELA PSICOLOGICA | ||
| 653 | _aMODERNISMO | ||
| 655 | _aLITERATURA | ||
| 942 | _cBK | ||
| 998 | _cMARTIN | ||
| 999 |
_c4646 _d4646 |
||